| 000 | 00537nam a22001817a 4500 | ||
|---|---|---|---|
| 999 |
_c5556 _d5556 |
||
| 003 | AR-CdUCM | ||
| 008 | 190312b ||||| |||| 00| 0 spa d | ||
| 040 |
_aMUNICIPALIDAD PROVINCIAL DEL CUSCO _cBIBLIOTECA MUNICIPAL DEL CUSCO |
||
| 082 |
_a869.44 / _bC24 |
||
| 100 |
_aCamarlinghi _916652 |
||
| 245 |
_aLa musa vesanica : _bpoemas / |
||
| 260 |
_aLa paz-Bolivia : _bEdiciones "Balsuaro", _c1964. |
||
| 300 |
_a73 páginas ; _c15 cm. |
||
| 650 |
_aPoesía boliviana _92577 |
||
| 650 |
_aSiglo XX _98 |
||
| 942 |
_2ddc _cLIBROS |
||
| 945 | _azta | ||